Statistics for First Wide Receiver Drafted by Year

Click here to take the quiz!

General Stats

  • This quiz has been taken 19 times
    (13 since last reset)
  • The average score is 4 of 16

Answer Stats

HintAnswer% Correct
2007Calvin Johnson
78%
2014Sammy Watkins
56%
2012Justin Blackmon
44%
2004Larry Fitzgerald
44%
2011AJ Green
33%
2003Charles Rogers
22%
2009Darrius Heyward-Bey
22%
2013Tavon Austin
22%
2005Braylon Edwards
11%
2001David Terrell
11%
2010Demaryius Thomas
11%
2008Donnie Avery
11%
2002Donte Stallworth
11%
2000Peter Warrick
11%
2006Santonio Holmes
11%
1999Torry Holt
11%

Score Distribution

Percentile by Number Answered

Percent of People with Each Score

Your Score History

You have not taken this quiz since the last reset